000 00749nam a2200265Ia 4500
003 OSt
005 20221007110443.0
006 a|||||r|||| 00| 0
007 ta
008 221006b |||||||| |||| 00| 0 eng d
020 _a0521204410
024 _a21,161
037 _cTextual
040 _aLCO
_cLCO
_beng
041 _2eng
_aeng
082 _aY52:27.3, L4
100 _aStanworth Philip Ed.
_9707495
245 0 _aElites and Power in British Society
260 _aLondon
_bCambridge University Press U.K.
_c1974
300 _a261
650 _aBRITISH SOCIETY
_9243725
700 _a Giddens Anthony Ed.
942 _hY52:27.3, L4
_cTEXL
999 _c1190724
_d1190724